<?xml version="1.0" encoding="UTF-8"?>
<record
    xmlns:xsi="http://www.w3.org/2001/XMLSchema-instance"
    xsi:schemaLocation="http://www.loc.gov/MARC21/slim http://www.loc.gov/standards/marcxml/schema/MARC21slim.xsd"
    xmlns="http://www.loc.gov/MARC21/slim">

  <leader>01771nam a22002777a 4500</leader>
  <controlfield tag="003">AR-RoUNCS</controlfield>
  <controlfield tag="005">20251110104259.0</controlfield>
  <controlfield tag="008">251110t2007    ag aod||r|||| 00| 0 spa d</controlfield>
  <datafield tag="020" ind1=" " ind2=" ">
    <subfield code="a">978-987-1274-07-9</subfield>
  </datafield>
  <datafield tag="040" ind1=" " ind2=" ">
    <subfield code="a">AR-RoUNCS</subfield>
    <subfield code="c">AR-RoUNCS</subfield>
  </datafield>
  <datafield tag="080" ind1=" " ind2=" ">
    <subfield code="0">766(82)</subfield>
  </datafield>
  <datafield tag="245" ind1="0" ind2="0">
    <subfield code="a">Dise&#xF1;o argentino.</subfield>
    <subfield code="n"># 1 :</subfield>
    <subfield code="b">creadores de influencias = Argentine design : influencing creators /</subfield>
    <subfield code="c">[idea y edici&#xF3;n, M&#xF3;nica Aguerrondo y Lucrecia Gordillo ; compiladora, Eloise Mitsuko Alemany ; redacci&#xF3;n, Luisa Miguens ; traducci&#xF3;n, Kavango Studio].</subfield>
  </datafield>
  <datafield tag="246" ind1="1" ind2="3">
    <subfield code="a">Argentine design :</subfield>
    <subfield code="b">influencing creators.</subfield>
  </datafield>
  <datafield tag="260" ind1=" " ind2=" ">
    <subfield code="a">Buenos Aires :</subfield>
    <subfield code="b">Papers Editores,</subfield>
    <subfield code="c">2007.</subfield>
  </datafield>
  <datafield tag="300" ind1=" " ind2=" ">
    <subfield code="a">165 p. :</subfield>
    <subfield code="b">il. col., fot. col. ;</subfield>
    <subfield code="c">21 cm.</subfield>
  </datafield>
  <datafield tag="500" ind1=" " ind2=" ">
    <subfield code="a">Incluye un directorio de dise&#xF1;adores y una lista de ubicaciones recomendadas donde se pueden ver los dise&#xF1;os.</subfield>
  </datafield>
  <datafield tag="520" ind1="8" ind2=" ">
    <subfield code="a">Esta edici&#xF3;n es una gu&#xED;a referencial de nuevos proyectos argentinos y dise&#xF1;os influyentes en accesorios, joyer&#xED;a, objetos, juguetes, indumentaria y dise&#xF1;o gr&#xE1;fico, presentando una selecci&#xF3;n de creaciones de Rom&#xE1;n Vitali, Pablo Ram&#xED;rez, Rita Bamidele Hampton, Alejandro Sarmiento, Mariana Cort&#xE9;s, Leo Battistelli, Javier y Alejo Estebecorena, Guillermina Baiguera, Juli&#xE1;n Gatto, DOMA, Araceli Pourcel, Francisca Kweitel, Marina Bandin, Gonzalo Arbutti y Marcelo Federico, Valeria Pesqueira, Alejandro Ros, Marina Molinelli Wells, Cecilia Gadea y Lola Goldstein. Incluye un directorio de participantes. </subfield>
  </datafield>
  <datafield tag="546" ind1=" " ind2=" ">
    <subfield code="a">Espa&#xF1;ol e ingl&#xE9;s.</subfield>
  </datafield>
  <datafield tag="650" ind1=" " ind2="4">
    <subfield code="a">DISE&#xD1;O</subfield>
    <subfield code="z">ARGENTINA</subfield>
  </datafield>
  <datafield tag="650" ind1=" " ind2="4">
    <subfield code="a">ARTE DECORATIVO</subfield>
    <subfield code="z">ARGENTINO</subfield>
  </datafield>
  <datafield tag="653" ind1=" " ind2=" ">
    <subfield code="a">DISE&#xD1;ADORES ARGENTINOS</subfield>
  </datafield>
  <datafield tag="700" ind1="1" ind2=" ">
    <subfield code="a">Aguerrondo, M&#xF3;nica.</subfield>
    <subfield code="e">editora</subfield>
  </datafield>
  <datafield tag="700" ind1="1" ind2=" ">
    <subfield code="a">Gordillo, Lucrecia.</subfield>
    <subfield code="e">editora</subfield>
  </datafield>
  <datafield tag="700" ind1="1" ind2=" ">
    <subfield code="a">Alemany, Eloise Mitsuko.</subfield>
    <subfield code="e">compiladora</subfield>
  </datafield>
  <datafield tag="942" ind1=" " ind2=" ">
    <subfield code="2">udc</subfield>
    <subfield code="c">OG</subfield>
    <subfield code="n">0</subfield>
  </datafield>
  <datafield tag="999" ind1=" " ind2=" ">
    <subfield code="c">710</subfield>
    <subfield code="d">710</subfield>
  </datafield>
  <datafield tag="952" ind1=" " ind2=" ">
    <subfield code="0">0</subfield>
    <subfield code="1">0</subfield>
    <subfield code="2">udc</subfield>
    <subfield code="4">0</subfield>
    <subfield code="7">0</subfield>
    <subfield code="8">CG</subfield>
    <subfield code="a">ESOCIALES</subfield>
    <subfield code="b">ESOCIALES</subfield>
    <subfield code="d">2025-11-10</subfield>
    <subfield code="l">0</subfield>
    <subfield code="o">766(82) D611</subfield>
    <subfield code="p">001069</subfield>
    <subfield code="r">2025-11-10 10:43:36</subfield>
    <subfield code="w">2025-11-10</subfield>
    <subfield code="y">OG</subfield>
  </datafield>
</record>
